000 00239nam a22000977a 4500
008 180806b xxu||||| |||| 00| 0 eng d
082 _a813.52
245 _aRed Book Plus
_cAmerican Academy of Pediatrics
300 _a1
_fCD
942 _2ddc
_cMX
999 _c46868
_d46868